Cyclisme: Top 30 du Tour de Lombardie 2023 - Statistiques

Statistiques générales
  • Ce quiz a été pris 107 fois
  • Le résultat moyen est 15 sur 30
Statistiques - réponses
Pos Equipe Coureur % Correct
1er UAE Team Emirates Tadej Pogacar
100%
9ème Soudal Quick-Step Remco Evenepoel
95%
3ème Jumbo-Visma Primoz Roglic
93%
11ème Team dsm-firmenich Romain Bardet
88%
6ème UAE Team Emirates Adam Yates
87%
5ème Team Jayco-AlUla Simon Yates
87%
4ème BORA-hansgrohe Aleksandr Vlasov
79%
8ème EF Education-EasyPost Richard Carapaz
72%
7ème INEOS Grenadiers Carlos Rodriguez
71%
24ème Team Arkéa-Samsic Warren Barguil
71%
2ème Soudal Quick-Step Andrea Bagioli
68%
12ème Israel-Premier Tech Michael Woods
68%
27ème Groupama-FDJ Valentin Madouas
60%
10ème Lotto Dstny Andreas Kron
48%
17ème Team Jayco-AlUla Chris Harper
47%
20ème Soudal Quick-Step Fausto Masnada
46%
18ème EOLO-Kometa Cycling Team Lorenzo Fortunato
46%
14ème Lotto Dstny Maxim Van Gils
46%
30ème EF Education-EasyPost Ben Healy
36%
16ème AG2R Citroën Team Clément Berthet
35%
25ème UAE Team Emirates Rafal Majka
34%
19ème UAE Team Emirates Marc Hirschi
32%
13ème Intermarché-Circus-Wanty Rui Costa
25%
22ème Jumbo-Visma Attila Valter
22%
26ème Team Arkéa-Samsic Clément Champoussin
20%
23ème Movistar Team Matteo Jorgenson
19%
21ème Bahrain Victorious Antonio Tiberi
12%
29ème Alpecin-Deceuninck Stefano Oldani
11%
28ème EOLO-Kometa Cycling Team Davide Piganzoli
9%
15ème Israel-Premier Tech Nick Schultz
8%
Aucun quiz correspondant
Distribution des résultats
% des personnes avec chaque résultat
Percentile par nombre de réponses
Votre historique - résultats
Vous n’avez pas pris ce quiz